000 00488nam a2200157 i 4500
001 57561
003 ES-MaACL
005 20230906163613.0
007 t|
008 031016s1981 sp ||||1| spa d
100 1 _aDomínguez-Berrueta de Juan, Miguel.
_945193
245 1 3 _aEl incumplimiento en la concesión de servicio público /
_cMiguel Domínguez-Berrueta de Juan.
260 _aMadrid :
_bMontecorvo,
_c1981.
300 _a502 p. ;
_c24 cm.
852 _aES-MaACL
_jL-2440
_bR.103023
999 _c57561
_d57561